| 000 | 00668nam a2200205 i 4500 | ||
|---|---|---|---|
| 001 | 106592 | ||
| 003 | ES-MaACL | ||
| 005 | 20241210140217.0 | ||
| 007 | t| | ||
| 008 | 061205s1940 sp ||||1| spa d | ||
| 080 | _a821.134.2-31"19" | ||
| 100 | 1 |
_aPemán, José María, _d1897-1981 _990130 |
|
| 245 | 1 | 0 |
_aRomance del fantasma y doña Juanita _b: novela / _cJosé María Pemán ; ilustraciones de Teodoro Delgado. |
| 260 |
_aMadrid : _bEscelicer, _c1940. |
||
| 300 |
_a103 p. ; _c25 cm. |
||
| 500 | _aBiblioteca Jacinto Martínez Lacalle. | ||
| 700 | 1 |
_aDelgado, Teodoro. _943435 |
|
| 852 |
_aES-MaACL _jE-11413 _bR.139023 |
||
| 999 |
_c106592 _d106592 |
||